Podaj państwo z którego pochodzi marka. - Statystyki

Ogólne statystyki
  • Ten quiz został rozwiązany 26 razy
  • Średni wynik to 9 z 10
Statystyki odpowiedzi
Obrazkowy Odpowiedź % Poprawnych
Dania
96%
Stany Zjednoczone
96%
Szwecja
96%
Korea południowa
92%
Niemcy
92%
Polska
92%
Szwajcaria
88%
Francja
83%
Chiny
71%
Wielka Brytania
71%
Nie znaleziono quizów pasujących do podanych kryteriów
Rozkład punktacji
Procent ludzi z każdym wynikiem
Percentyl według liczby udzielonych odpowiedzi
Twoja historia wyników
Nie rozwiązałeś tego quizu